Statistics for Top Goalscorers in the Champions League for Bayern Munich

Click here to take the quiz!

General Stats

  • This quiz has been taken 229 times
  • The average score is 14 of 26

Answer Stats

#GoalsGamesGoals/GameYearsAnswer% Correct
334350.9711964-1979Gerd Müller
99%
2471220.3852008-Thomas Müller
99%
156680.8242014-Robert Lewandowski
98%
425700.3572009-2019Arjen Robben
92%
818870.2072007-2019Franck Ribéry
91%
229230.3912018-Serge Gnabry
79%
523390.592009-2013Mario Gómez
76%
1711330.3332017-Kingsley Coman
67%
1612890.1352002-2015Bastian Schweinsteiger
65%
1116360.4441974-1984Karl-Heinz Rummenigge
62%
718620.292001-'07, 2012-'15Claudio Pizarro
60%
219180.52007-2011Miroslav Klose
60%
1910510.1962015-Joshua Kimmich
58%
621600.351997-2003Giováne Élber
57%
917320.5312003-2007Roy Makaay
43%
1016270.5931979-1987Dieter Hoeneß
39%
239260.3462013-2016Mario Götze
37%
249460.1961990-'92, 1998-'02Stefan Effenberg
35%
209170.5292009-2012Ivica Olić
34%
1512700.1711992-2007Mehmet Scholl
30%
1412490.2451996-2002Carsten Jancker
29%
269850.1061998-2007Hasan Salihamidzic
15%
1212300.41984-1993Roland Wohlfarth
15%
1312360.3331999-2002Paulo Sérgio
14%
259480.1881972-1985Bernd Dürnberger
3%
1810210.4761973-1977Conny Torstensson
2%

Score Distribution

Percentile by Number Answered

Percent of People with Each Score

Your Score History

You have not taken this quiz